000 01140nam a2200277Ia 4500
003 Ost
005 20260507075656.0
008 260507s9999||||xx |||||||||||||| ||und||
020 _a977580034X
040 _cfsecg
041 _aara
082 _a346.07
100 _aالصغير، حسام الدين عبد الغني
_eمؤلف
245 0 _aصكوك الإيداع في المستودعات العامة /
_c حسام الدين عبد الغني الصغير
260 _aالاسكندرية:
_bدار الفكر الجامعي,
_c2004
300 _a143 صفحة؛
_bإيضاحات ؛
_c24 سم
504 _aالمراجع ص.135
520 _aنظام الايداع في المستودعات العامة، انشاء الصكوك التي تصدرها المستودعات العامة وتداولها، الوفاء بصك الرهن واجراءات الرجوع.
653 _aالبضائع
653 _aالسندات المكتوبة
653 _aالقانون التجاري
653 _aالقانون الخاص
653 _aالمخازن
653 _aالمستودعات
942 _cكتاب
999 _c45712
_d45712